000 00728nam a2200265Ia 4500
001 Para_5350
003 CHAP
008 220125s1937 xx 000 0 und d
010 _a202113
040 _cCHAP
090 _aPA FOLLETO 2691
100 _aElmore, J. C.
_936406
245 _aThe tomato pinworm /
_c by J. C. Elmore
260 _aWashington :
_b Department of Agriculture
300 _a8 p.
440 _aEUA. Dep. of Agri. Circular; 440
_9167133
650 _aKeiferia lycopersicella Tomate
_x Plagas
_9167134
901 _aPA FOLLETO 2691
902 _aA
905 _a0000001937 WAS 0000000000 00
910 _a1937
942 _cPARA
942 _cPARA
_d1
999 _c202113
_d202113